Dictionary of the Bible (Record no. 1704)

MARC details
000 -LEADER
fixed length control field 00579nam a2200241 a 4500
020 ## - INTERNATIONAL STANDARD BOOK NUMBER
ISBN
082 00 - DEWEY DECIMAL CLASSIFICATION NUMBER
Classification number 220.3
Author Cutter DAV
100 ## - MAIN ENTRY--AUTHOR NAME
Author name Davis, J D
245 ## - TITLE STATEMENT
Title Dictionary of the Bible
260 ## - PUBLICATION, DISTRIBUTION, ETC. (IMPRINT)
Place of publication Philadelphia
Name of publisher Westminster Press
Year of publication 1907
300 ## - PHYSICAL DESCRIPTION
Number of Pages 802p
500 ## - GENERAL NOTE
General note includes index and biblioraphy
505 2# - FORMATTED CONTENTS NOTE
Formatted contents note Appendix, Indices
650 ## - SUBJECT ADDED ENTRY--TOPICAL TERM
Topical Term Bible-Dictionaries
942 ## - ADDED ENTRY ELEMENTS (KOHA)
Koha item type Books
700 1# -
-- Davis, J D
Holdings
Collection code Home library Current library Shelving location Date acquired Cost, normal purchase price Full call number Accession Number Koha item type
Reference Henry Martyn Institute Library Henry Martyn Institute Library Reference 05/13/2008 100.00 220.3 DAV 1773 Archive Book
                   Copyright © 2026 | Henry Martyn Institute | Hyderabad | TS-500052 | INDIA | Implemented by hmi.edu.in
Hit-Count:

Powered by Koha